| 000 | 00751nab a2200241 4500 | ||
|---|---|---|---|
| 003 | BR-BrBNA | ||
| 005 | 20250804222208.0 | ||
| 008 | 250804b bl.||||| |||| 00| 0 por d | ||
| 040 |
_aBR-BrBNA _bpor |
||
| 072 | _aE50 ; B50 ; E40 | ||
| 100 | _aCosta, Fátima | ||
| 245 |
_aUm museu a céu aberto _bEstilo no Campo |
||
| 500 | _a5 illus. | ||
| 650 | _aTURISMO RURAL | ||
| 650 | _aHISTÓRIA | ||
| 650 | _aCOOPERATIVISMO | ||
| 650 | _aIMIGRAÇÃO | ||
| 650 | _aHOLANDA | ||
| 650 | _aPARANÁ | ||
| 773 | 0 |
_01706 _9347988 _dSão Paulo-SP Editora Três Ltda - E-mail: luizfsa@revistadinheiro.com.br 2004 _o2025-0484 _tDinheiro Rural (Brazil) _x1807-3700 _gv. 7(80) p. 94-96; (Jun 2011) _wBR2025001992 |
|
| 942 | _cANA | ||
| 999 |
_c337447 _d337447 |
||